Movies Quiz

Random Movies Quiz

George A. Romero Movies Quiz Stats

 Plays Quiz not verified by Sporcle

Challenge
Share
Tweet
Embed
Score 0/15 Timer 06:00
0 Plays Today
% Correct
Dawn of the Dead
97.7%
Night of the Living Dead
96.5%
Day of the Dead
95.9%
Land of the Dead
87.8%
Diary of the Dead
83.1%
Creepshow
76.7%
Survival of the Dead
70.3%
Martin
65.7%
% Correct
The Crazies
61%
Monkey Shines
52.3%
Knightriders
46.5%
The Dark Half
43.6%
Season of the Witch
40.7%
Two Evil Eyes
34.3%
There's Always Vanilla
33.1%

You're not logged in!

Compare scores with friends on all Sporcle quizzes.
Join for Free
OR
Log In

You Might Also Like...

Show Comments

Extras

Created Oct 5, 2009ReportNominate
Tags:A Romero, george, romero

Top Quizzes Today


Score Distribution

Your Account Isn't Verified!

In order to create a playlist on Sporcle, you need to verify the email address you used during registration. Go to your Sporcle Settings to finish the process.

Report this User

Report this user for behavior that violates our Community Guidelines.

Details: